Responses for Show #1885 - Friday, November 13, 1992

1992 Tournament of Champions quarterfinal game 5.

Contestants

[<< previous game]

Billy Baxter, a grad student and 1992 College Tournament champion from Richmond, Virginia

Frank Epstein, a police officer from Los Angeles, California

Leszek Pawlowicz, a materials scientist from Phoenix, Arizona

[next game >>]

Jeopardy! Round responses

FAMOUS NAMES
WINE
MUSEUMS
FISH
GOLDEN GUYS
ELVIS SONGS
    $100 1
Watergate

Billy
    $100 8
Marilyn Monroe

Leszek
    $100 6
Laurel & Hardy

Leszek
    $100 12
salmon

Leszek
    $100 14
(Billy: Who is Mayer?)
...
(Alex: Before we conclude the Jeopardy! round, we have a scoring change to announce and it will affect you, Billy. We thought we were being kind of cute with our category GOLDEN GUYS. Even though we did not put "gold" or "golden" in quotation marks, it was obvious to us that we were going for Samuel Goldwyn in that first clue, but your response of Louis B. Mayer is correct according to the information we provided you with, and so we are going to give you a correct response... but be warned, gentlemen, that that category, GOLDEN GUYS, has to do with people who have gold in their name or their lives.)

Samuel Goldwyn

LeszekBilly
    $100 26
The "Jailhouse Rock"

Frank
    $200 2
Amelia Earhart

Billy
    $200 22
(Leszek: What is aroma?)

nose

LeszekBilly
    $200 7
Pablo Picasso

Frank
    $200 13
piranha

Billy
    $200 18
Barry Goldwater

Leszek
    $200 27
"Don't Be Cruel"

Leszek
    $300 3
Prince Philip

Billy
    $300 23
spumante

Leszek
    $300 9
Chicago

Leszek
    $300 15
seahorse

Leszek
    $300 19
LP

Leszek
    $300 28
"All Shook Up"

Leszek
    $400 4
Vermont

Frank
    $400 24
sherry

Frank
    $400 10
O. Henry (William Sidney Porter)

Triple Stumper
    $500 16
lamprey

Leszek
    $400 20
Rube Goldberg

Leszek
    $400 29
"Kentucky Rain"

Leszek
    $500 5
Billy Mitchell

Leszek
    $500 25
(Leszek: Well, "It's Now Or Never": ELVIS SONGS for $100!)
(Alex: Ohhhh...!)

Sommelier

Leszek
    $500 11
Pennsylvania

Leszek
    $500 17
catfish

Leszek
    $500 21
Oliver Goldsmith

Billy
    $500 30
(Alex: Leszek is not lonesome, he's in the lead with $5,400.)

"Are You Lonesome Tonight?"

Triple Stumper

Scores at the first commercial break (after clue 14):

Leszek Frank Billy
$1,700 $600 $900

Scores at the end of the Jeopardy! Round:

Leszek Frank Billy
$5,400 $1,100 $1,600

Double Jeopardy! Round responses

AMERICAN HISTORY
PHILOSOPHY
WEIGHTS & MEASURES
MONEY & FINANCE
PLAYWRIGHTS & ACTRESSES
ADJECTIVES
    $200 1
Korea

Leszek
    $200 6
Louisa May Alcott

Frank
    $200 8
Magna Carta

Billy
    $200 7
alimony

Leszek
    $200 26
George Bernard Shaw

Billy
    $200 25
woolly

Leszek
    $400 2
(Billy: What is Ohio?)

Indiana

LeszekBilly
    $400 10
Karl Marx

Frank
    $400 12
absolute zero

Billy
    $400 20
asset

Billy
    $400 14
Anton Chekhov

Billy
    $400 27
Lilliputian

Billy
    $600 3
The Lend-Lease Act

Leszek
    $600 9
Niccolò Machiavelli

Frank
    $600 16
gills

Billy
    $600 21
dividends

Frank
    $600 15
Moliere

Leszek
    $600 28
jaded

Leszek
    $800 4
Mexico

Leszek
    $800 11
a vacuum

Leszek
    $1,500 18
point

Leszek
    $800 22
$100,000

Frank
    $800 17
Clifford Odets

Leszek
    $800 29
upright

Leszek
    $1000 5
"Light-Horse Harry" Lee

Billy
    $1,200 13
metaphysics

Billy
    $1000 19
yard

Billy
    $1000 23
"Freddie Mac"

Leszek
    $1000 24
John Osborne

Leszek
    $1000 30
(Frank: What is opposing?)

opposable

LeszekFrank

Scores at the end of the Double Jeopardy! Round:

Leszek Frank Billy
$15,900 $2,700 $7,000
(lock game)

Final Jeopardy! Round responses

THE AUTO INDUSTRY
FrankWhat is GM Rolls-Royce?
$2,700
BillyWhat is Chrysler?
$4,000
LeszekWhat is Mercedes-Benz?
$900
Mercedes-Benz

Final scores:

Leszek Frank Billy
$16,800 $0 $3,000
Automatic semifinalist 3rd place: $1,000 if eliminated + Jeopardy!/Wheel of Fortune video games for Super NES/Sega Genesis + Jeopardy! Challenge book 2nd place: $1,000 if eliminated + Jeopardy!/Wheel of Fortune video games for Super NES/Sega Genesis + Jeopardy! Challenge book

Game dynamics:

Coryat scores:

Leszek Frank Billy
$15,100 $2,700 $6,800
33 R
(including 2 DDs),
1 W
9 R,
1 W
17 R
(including 1 DD),
1 W

Combined Coryat: $24,600

[game clues] [game scores] [suggest correction]

Game tape date: 1992-10-18
The J! Archive is created by fans, for fans. Scraping, republication, monetization, and malicious use prohibited; this site may use cookies and collect identifying information. See terms. The Jeopardy! game show and all elements thereof, including but not limited to copyright and trademark thereto, are the property of Jeopardy Productions, Inc. and are protected under law. This website is not affiliated with, sponsored by, or operated by Jeopardy Productions, Inc. Join the discussion at JBoard.tv.